000
00277nam a22001097a 4500
008
170112b xxu||||| |||| 00| 0 eng d
020
_a
9781416001416
041
_a
eng
080
_2
4TH
_a
618.2
245
_a
FOUNDATIONS OF MATERNAL-NEWBORN NURSING
_c
MURRAY, SH.S
942
_2
udc
_c
BK
999
_c
2787
_d
2787